[Event "Prague Summer op-B 9th"]
[Site "Prague"]
[Date "2022.08.05"]
[Round "1"]
[White "Psaila, Clarence"]
[Black "Bohatyrov, Mykola"]
[Result "1/2-1/2"]
[WhiteElo "1951"]
[BlackElo "1462"]
[PlyCount "68"]
[EventDate "2022.08.05"]
[EventType "swiss"]
[EventRounds "9"]
[EventCountry "CZE"]
[SourceTitle "EXT 2023"]
[Source "ChessBase"]
[SourceDate "2022.10.05"]
[SourceVersion "1"]
[SourceVersionDate "2022.10.05"]
[SourceQuality "1"]

1. d4 Nf6 2. Nf3 g6 3. g3 Bg7 4. Bg2 d5 5. 0-0 0-0 6. c4 c6 7. b3 Bf5 8. Bb2 e6 9. Nbd2 Nbd7 10. Nh4 Bg4 11. h3 Bf5 12. Nxf5 gxf5 13. Kh2 Qc7 14. cxd5 cxd5 15. Rc1 Qd6 16. e3 Ne4 17. Nxe4 fxe4 18. f3 f5 19. fxe4 fxe4 20. Qc2 Rxf1 21. Rxf1 Nf6 22. Qe2 Rc8 23. Rc1 Rf8 24. Bc3 h6 25. Ba5 Qa3 26. Qd2 Rf7 27. Bb4 Qa6 28. Bf1 Ng4+ 29. Kg2 Nxe3+ 30. Qxe3 Qxa2+ 31. Be2 Bxd4 32. Qxd4 Qxe2+ 33. Kg1 Rg7 34. Qf2 Qh5 1/2-1/2

[Event "Prague Golden Blitz op 17th"]
[Site "Prague"]
[Date "2022.07.16"]
[Round "8"]
[White "Bohatyrov, Mykola"]
[Black "Zvacek, Antonin"]
[Result "0-1"]
[WhiteElo "1387"]
[BlackElo "1704"]
[PlyCount "142"]
[EventDate "2022.07.16"]
[EventType "swiss (blitz)"]
[EventRounds "11"]
[EventCountry "CZE"]
[SourceTitle "CBM 209 Extra"]
[Source "ChessBase"]
[SourceDate "2022.09.30"]
[SourceVersion "1"]
[SourceVersionDate "2022.09.30"]
[SourceQuality "1"]

1. c4 c6 2. g3 d5 3. cxd5 cxd5 4. d4 Bf5 5. Nc3 e6 6. Bg2 Nf6 7. Nf3 Nc6 8. 0-0 Be7 9. Ne5 0-0 10. Bg5 h6 11. Bf4 Nh5 12. Nxc6 bxc6 13. Be3 Nf6 14. h3 Rb8 15. Qd2 Qb6 16. b3 Bb4 17. Rac1 Ba3 18. Ra1 Bb4 19. Rac1 Ne4 20. Nxe4 Bxd2 21. Nxd2 Rbc8 22. Nb1 Qa5 23. Nc3 Qb4 24. Rfd1 a5 25. Na4 Qb7 26. Nc5 Qe7 27. Bd2 Qa7 28. a3 Rfe8 29. b4 axb4 30. Bxb4 e5 31. e3 e4 32. Nb3 Qd7 33. Kh2 Bg6 34. Na5 f5 35. Rc5 Re6 36. Rc3 Be8 37. Nb3 Qa7 38. Rdc1 Bd7 39. Nc5 Re7 40. Bf1 Be8 41. Ba6 Rcc7 42. a4 g5 43. Ba5 Rcd7 44. Bc8 Rc7 45. Bxc7 Rxc7 46. Bxf5 Qb6 47. Ne6 Ra7 48. Rxc6 Bxc6 49. Nc5 Bxa4 50. g4 Re7 51. Ne6 Rxe6 52. Bxe6+ Qxe6 53. Rc5 Qd6+ 54. Kg2 Bd1 55. Rc8+ Kf7 56. Ra8 Bf3+ 57. Kg1 Qb4 58. Ra7+ Ke6 59. Ra6+ Kd7 60. Ra7+ Kc6 61. Ra6+ Kb5 62. Ra1 Qc3 63. Rb1+ Kc6 64. Rf1 Qd2 65. Ra1 h5 66. gxh5 Bxh5 67. Rf1 Qe2 68. Rc1+ Kd6 69. Ra1 g4 70. h4 g3 71. fxg3 Qxe3+ 0-1